God and the rhetoric of sexuality /

Bibliographic Details
Main Author: Trible, Phyllis
Format: Book
Language:English
Published: Philadelphia : Fortress Press, [1978]
Series:Overtures to biblical theology ; 2.
Subjects:

MARC

Tag First Indicator Second Indicator Subfields
LEADER 00000cam a2200000 i 4500
001 in00000010916
005 20151007051940.0
008 780329s1978 pau b 00110 eng
010 |a  77078647  
020 |a 0800604644 
035 |a (OCoLC)03870109 
035 |9 AAA5581AM 
040 |a DLC  |c DLC  |d m.c.  |d TXA  |d UtOrBLW 
049 |a TXAM  |c [A12638816] 
050 0 0 |a BS1171.2  |b .T74 
082 0 |a 221.6 
100 1 |a Trible, Phyllis. 
245 1 0 |a God and the rhetoric of sexuality /  |c Phyllis Trible. 
264 1 |a Philadelphia :  |b Fortress Press,  |c [1978] 
264 4 |c ©1978 
300 |a xvii, 206 pages ;  |c 22 cm. 
336 |a text  |b txt  |2 rdacontent 
337 |a unmediated  |b n  |2 rdamedia 
338 |a volume  |b nc  |2 rdacarrier 
490 1 |a Overtures to biblical theology ;  |v 2 
504 |a Includes bibliographies and index. 
630 0 0 |a Bible.  |p Old Testament  |x Criticism, interpretation, etc. 
650 0 |a God  |x Biblical teaching. 
630 0 0 |a Bible.  |p Old Testament  |x Hermeneutics. 
650 0 |a Image of God  |x Biblical teaching. 
650 0 |a Sex  |x Religious aspects  |x Christianity. 
830 0 |a Overtures to biblical theology ;  |v 2. 
999 |a MARS 
999 f f |s 84c5427c-6c98-3053-9a66-5b47eae9230f  |i c56cbd29-895c-3093-8fc5-81359d157ccf  |t 0 
952 f f |p normal  |a Texas A&M University  |b College Station  |c Sterling C. Evans Library  |s Evans stk  |d Evans: Library Stacks  |t 0  |e BS1171.2 .T74  |h Library of Congress classification  |i unmediated -- volume  |m A14821607937 
998 f f |a BS1171.2 .T74  |t 0  |l Evans: Library Stacks